| 000 | 00554nam a2200181 a 4500 | ||
|---|---|---|---|
| 005 | 20140412111237.0 | ||
| 008 | 010328s19uu xx 00 eng d | ||
| 020 | _a0-590-30680-4 | ||
| 050 |
_aTR(GS 418 _bROT 1980 |
||
| 100 | _aRothstein, Gloria Lesser | ||
| 245 |
_aVocabulary skills : _bmeaning through structure and context / _cby Gloria Lesser Rothstein. |
||
| 250 | _aTeacher's Edition | ||
| 260 |
_aNew York : _bScholastic Inc, _c1980. |
||
| 300 | _a64 p. | ||
| 440 | _aA Scholastic B Skills Program | ||
| 650 | _aVocabulary | ||
| 999 |
_c102538 _d102538 |
||